• 首页
  • 本馆介绍
  • 公告通知
  • 最新文献
  • 馆藏检索
  • 电子资源
  • 读者导购
  • 参考咨询
  • 我的图书馆
  • 登录
  • 详细信息显示
  • 放入我的书架
  • 预约/预借图书
  • 作者相关作品
  • 分类相关作品
  • 丛书相关作品
  • 出版社相关作品

书目信息

  • 表格格式
  • 工作单格式
  • 卡片格式
题名:
天然产物在绿色纺织品生产中的应用
    
 
作者: 李群 , 赵昔慧 著
分册:  
出版信息: 北京   化学工业出版社  2008
页数: 179页
开本: 24cm
丛书名:
单 册:
中图分类: TS101.8
科图分类:
主题词: 天然有机化合物--应用--纺织品--无污染工艺 , 天然有机化合物 , 纺织品 , 无污染工艺
电子资源:
ISBN: 978-7-122-02136-6
000 00979nam0 2200289 45
001 1050844109
005 20100420100305.49
010    @a978-7-122-02136-6@dCNY35.00
100    @a20100409d2008 ekmy0chiy0120 ea
101 0  @achi
102    @aCN@b110000
105    @ay z 000yy
106    @ar
200 1  @a天然产物在绿色纺织品生产中的应用@ATian Ran Chan Wu Zai Lu^ Se Fang Zhi Pin Sheng Chan Zhong De Ying Yong@f李群,赵昔慧著@FLi Qun, Zhao Xi Hui Zhu
210    @a北京@c化学工业出版社@d2008
215    @a179页@d24cm
300    @a青岛大学学术专著出版基金资助
330    @a本书从生产和研究两个角度介绍了天然产物的基础知识、天然产物与绿色化学、绿色纺织印染工业的关系。
606 0  @a天然有机化合物@x应用@x纺织品@x无污染工艺
606 0  @a天然有机化合物
606 0  @a纺织品
606 0  @a无污染工艺
690    @aTS101.8@v4
701  0 @a李群@ALi Qun@4著
701  0 @a赵昔慧@AZhao Xi Hui@4著
801  0 @aCN@bTANGWEI@c20100420
905    @b0591027-31@dTS101.8@e2@f5
    
    天然产物在绿色纺织品生产中的应用/李群,赵昔慧著.-北京:化学工业出版社,2008
    179页;24cm
    青岛大学学术专著出版基金资助
    
    ISBN 978-7-122-02136-6:CNY35.00
    本书从生产和研究两个角度介绍了天然产物的基础知识、天然产物与绿色化学、绿色纺织印染工业的关系。
●
相关链接 在E读中查询图书 在五车中查询图书 在当当中查询图书 在豆瓣中查询图书


正题名:天然产物在绿色纺织品生产中的应用     索取号:TS101.8/2         预约/预借

序号 登录号 条形码 馆藏地/架位号 状态 备注
1 0591027   205910273   第二样本阅览室/ [索取号:TS101.8/2] 在馆    
2 0591028   205910282   密集书库-生命科学系/ [索取号:TS101.8/2] 在馆    
3 0591029   205910291   第三借阅区/ [索取号:TS101.8/2] 在馆    
4 0591030   205910308   第三借阅区/ [索取号:TS101.8/2] 在馆    
5 0591031   205910317   第三借阅区/ [索取号:TS101.8/2] 在馆    
唐山师范学院图书馆 欢迎您!
大连网信软件有限公司© 版权所有